[Event "It (open)"]
[Site "masterchessopen.com Mirgorod (Ukraine)"]
[Date "2011.07.13"]
[Round "7"]
[White "Tovmasian Vardges (ARM)"]
[Black "Solovchuk Alexey (UKR)"]
[Result "0-1"]
[WhiteElo "2404"]
[BlackElo "2396"]

1.d4 Nf6 2.c4 e6 3.Nc3 Bb4 4.e3 b6 5.Ne2 Ba6 6.a3 Be7 7.Nf4 O-O 8.e4 d6 9.Bd3
e5 10.Nfe2 Nbd7 11.b3 c6 12.O-O Re8 13.Bb2 Bf8 14.f4 Rc8 15.d5 cxd5 16.exd5 g6
17.Ng3 Bh6 18.Nge4 Qe7 19.f5 Be3+ 20.Kh1 Bd4 21.Qf3 Rf8 22.g4 Nxe4 23.Bxe4 Qh4
24.a4 Nf6 25.Rg1 Bxc4 26.bxc4 Rxc4 27.fxg6 fxg6 28.Qd3 Bxc3 29.Qxc4 Bxb2
30.Raf1 Bd4 31.Rg3 Nxe4 32.Rxf8+ Kxf8 33.Qc8+ Kg7 34.Qd7+ Kh6 35.g5+ Nxg5 {#R}
0-1

[Event "It (open)"]
[Site "masterchessopen.com Condom (France)"]
[Date "2011.07.15"]
[Round "8"]
[White "Geirnaert Steven (BEL)"]
[Black "Fantinel Thibault (FRA)"]
[Result "0-1"]
[WhiteElo "2355"]
[BlackElo "2286"]

1.d4 e6 2.c4 Nf6 3.Nc3 Bb4 4.e3 b6 5.Ne2 Ba6 6.Ng3 Bxc3+ 7.bxc3 d5 8.Ba3 Bxc4
9.Bxc4 dxc4 10.O-O Qd7 11.Rb1 Qc6 12.e4 Nbd7 13.d5 exd5 14.exd5 Qxd5 15.Re1+
Kd8 16.Qa4 a6 17.Red1 Qe6 18.Rd2 Kc8 19.Rd6 b5 20.Rxe6 bxa4 21.Re7 Nd5 22.Rxf7
Nxc3 23.Rc1 Nb5 24.Bb2 Nb6 25.Bxg7 Rd8 26.f4 Rd2 27.Ne4 Rxa2 28.f5 Kb7 29.f6
Re2 30.Re7 Kc6 31.Kf1 Rxe4 32.Rxe4 Nd6 33.Re6 Kc5 34.g4 Nd5 35.g5 Nf5 36.Rxa6
Rxa6 37.f7 Ra8 38.f8=Q+ Rxf8 39.Bxf8+ Kd4 40.Kf2 c3 41.Ra1 c2 42.Rxa4+ Kd3
43.Ba3 Nd4 44.h4 Nb6 45.h5 Nxa4 46.g6 hxg6 47.h6 Nb5 48.h7 Nxa3 49.h8=Q c1=Q
50.Qd8+ Kc2 {#R} 0-1

[Event "It (open) \"]
[Site "masterchessopen.com Brno (Czech Republic)"]
[Date "2011.08.23"]
[Round "4"]
[White "Bernasek Jan (CZE)"]
[Black "Zavadil Michal (CZE)"]
[Result "1-0"]
[WhiteElo "2469"]
[BlackElo "2109"]

1.d4 Nf6 2.c4 e6 3.Nc3 Bb4 4.e3 b6 5.Ne2 Ba6 6.a3 Bxc3+ 7.Nxc3 d5 8.Qf3 c6
9.b3 O-O 10.Bb2 Nbd7 11.g4 Ne8 12.cxd5 Bxf1 13.dxc6 Ba6 14.cxd7 Nd6 15.O-O-O
Qxd7 16.Kb1 Bb7 17.d5 Nb5 18.e4 Rac8 19.Nxb5 Qxb5 20.dxe6 fxe6 21.Qe3 Qc5
22.Rd7 Rf7 23.Rxf7 Kxf7 24.Qf4+ Kg8 25.f3 Rf8 26.Qg3 Qb5 27.Qc7 {#r} 1-0

[Event "Ch Serbia (team Premier)"]
[Site "masterchessopen.com Valjevo (Serbia)"]
[Date "2011.09.01"]
[Round "6"]
[White "Sedlak Nikola (SRB)"]
[Black "Ninov Nikolai (BUL)"]
[Result "1-0"]
[WhiteElo "2580"]
[BlackElo "2518"]

1.d4 Nf6 2.c4 e6 3.Nc3 Bb4 4.e3 b6 5.Ne2 Ba6 6.a3 Bxc3+ 7.Nxc3 d5 8.b4 Bxc4
9.Bxc4 dxc4 10.Qe2 Nd5 11.Qxc4 a5 12.b5 Nxc3 13.Qxc3 Qd5 14.O-O Qxb5 15.d5 Na6
16.dxe6 fxe6 17.Qxg7 O-O-O 18.e4 Rhg8 19.Qh6 Qe5 20.Bf4 Qxe4 21.Bg3 Qg6 22.Qf4
Qg4 23.Qh6 Rd7 24.h3 Qg6 25.Qe3 Nc5 26.Rac1 Qe4 27.Rfe1 Qxe3 28.Rxe3 Rgd8
29.Kf1 Rd1+ 30.Rxd1 Rxd1+ 31.Ke2 Rd5 32.Be5 Kb7 33.g4 b5 34.Bc3 Kb6 35.h4 c6
36.g5 Rf5 37.Re5 Rf4 38.Ke3 Rc4 39.Bd4 b4 40.axb4 axb4 41.h5 b3 42.g6 hxg6
43.hxg6 b2 44.Bxb2 Nd7 45.Re4 {#r} 1-0

[Event "Ch Switzerland (team) 2012"]
[Site "masterchessopen.com Switzerland"]
[Date "2012.03.18"]
[Round "1"]
[White "Lombard Andre (SUI)"]
[Black "Reich Yves (SUI)"]
[Result "1-0"]
[WhiteElo "2350"]
[BlackElo "2176"]

1.d4 Nf6 2.c4 e6 3.Nc3 Bb4 4.e3 b6 5.Ne2 Ba6 6.a3 Bd6 7.e4 e5 8.f4 exd4 9.Nxd4
O-O 10.e5 Re8 11.Be2 Bc5 12.Nb3 d6 13.Nxc5 bxc5 14.exf6 Bxc4 15.O-O Bxe2
16.Nxe2 Qxf6 17.a4 Nc6 18.Ra3 Rab8 19.f5 Nb4 20.Rg3 Qe5 21.Nf4 Qd4+ 22.Qxd4
cxd4 23.Nh5 Re2 24.Rxg7+ Kf8 25.Rxh7 Ke7 26.f6+ Kd7 27.Nf4 Rc2 28.Rxf7+ Kc6
29.Ne6 Kd5 30.Nxc7+ Kc4 31.Nb5 Nd5 32.Na3+ {#r} 1-0

[Event "Ch Asia (team)"]
[Site "masterchessopen.com Zaozhuang (China)"]
[Date "2012.05.24"]
[Round "7"]
[White "Nguyen Ngoc Truongson (VIE)"]
[Black "Hari Krishna Pentala"]
[Result "1-0"]
[WhiteElo "2662"]
[BlackElo "2693"]

1.d4 Nf6 2.c4 e6 3.Nc3 Bb4 4.e3 b6 5.Ne2 Ba6 6.Ng3 Bxc3+ 7.bxc3 d5 8.Ba3 Bxc4
9.Bxc4 dxc4 10.e4 Qd7 11.O-O Qc6 12.d5 Qb5 13.dxe6 fxe6 14.e5 Qxe5 15.Re1 Qd5
16.Qe2 Nbd7 17.Rad1 Qc6 18.Nf5 e5 19.g4 Kf7 20.g5 Rhe8 21.gxf6 Nxf6 22.Ne3 b5
23.Ng4 Nxg4 24.Qxg4 Re6 25.Qe4 Qxe4 26.Rxe4 Ra6 27.Bc5 Kf6 28.a3 Kf5 29.f3
Rg6+ 30.Kf2 c6 31.Rd7 a5 32.Rf7+ Rf6 33.Rxg7 b4 34.cxb4 axb4 35.Bxb4 c5 36.Bc3
Re6 37.Rxc4 Rxa3 38.Rxh7 Ra2+ 39.Ke3 Kg6 40.Rhh4 Kg5 41.Rh8 {#r} 1-0

[Event "Ch Greece (team)"]
[Site "masterchessopen.com Achaea (Greece)"]
[Date "2012.07.01"]
[Round "3"]
[White "Sidiropoulos Nikolaos (GRE)"]
[Black "Iskos Alexandros (GRE)"]
[Result "0-1"]
[WhiteElo "2058"]
[BlackElo "2107"]

1.d4 Nf6 2.c4 e6 3.Nc3 Bb4 4.e3 b6 5.Ne2 Ba6 6.a3 Be7 7.Nf4 Bb7 8.d5 O-O 9.Be2
e5 10.Nd3 d6 11.b4 c6 12.Bf3 cxd5 13.cxd5 Nbd7 14.e4 Nxe4 15.Nxe4 f5 16.Ng3 e4
17.Nf4 exf3 18.Qxf3 Bf6 19.Ra2 Re8+ 20.Nge2 Qc8 21.O-O Qc4 22.Rd2 Rac8 23.Nh5
Ba6 24.Nhg3 f4 25.Nxf4 Qxc1 26.Rdd1 Qc3 {#R} 0-1

[Event "It \"]
[Site "masterchessopen.com Helsingor (Denmark)"]
[Date "2012.08.01"]
[Round "6"]
[White "Hansen Rasmus Agertoft (DEN)"]
[Black "Eriksson Kristian (SWE)"]
[Result "0-1"]
[WhiteElo "1946"]
[BlackElo "2082"]

1.d4 Nf6 2.c4 e6 3.Nc3 Bb4 4.e3 b6 5.Ne2 Ba6 6.Ng3 c5 7.Qf3 Nc6 8.d5 Ne5 9.Qf4
d6 10.Ne4 Nxe4 11.Qxe4 Bxc3+ 12.bxc3 O-O 13.h4 Qd7 14.f4 Ng4 15.Bd3 Nf6
16.dxe6 fxe6 17.Qf3 d5 18.Qe2 Rad8 19.O-O Qa4 20.f5 exf5 21.Rxf5 Bxc4 22.Rf4
Bxd3 23.Qxd3 Qc6 24.Ba3 Rfe8 25.Rd1 Qe6 26.Bc1 c4 27.Qd4 Ne4 28.Rdf1 Rf8
29.Ba3 Rxf4 30.Rxf4 h6 31.g4 Re8 32.h5 Ng5 33.Kg2 Qxe3 34.Rf8+ Kh7 35.Rxe8
Qxe8 36.Qxd5 Qe2+ 37.Kg3 Qe3+ 38.Kg2 Qe2+ 39.Kg3 Qe3+ 40.Kg2 Qh3+ 41.Kf2 Qxg4
42.Bb4 Qxh5 43.Qxc4 Qf7+ {#R} 0-1

[Event "It (open)"]
[Site "masterchessopen.com Schwarzach (Austria)"]
[Date "2012.08.18"]
[Round "1"]
[White "Huhs Sven (GER)"]
[Black "Zaja Ivan (CRO)"]
[Result "0-1"]
[WhiteElo "2092"]
[BlackElo "2511"]

1.d4 Nf6 2.c4 e6 3.Nc3 Bb4 4.e3 b6 5.Ne2 Ba6 6.a3 Be7 7.Nf4 d5 8.b3 O-O 9.Be2
Bd6 10.O-O Bxf4 11.exf4 Nc6 12.Be3 Na5 13.cxd5 Bxe2 14.Qxe2 Nxd5 15.Qc2 Nxc3
16.Qxc3 Qd5 17.Rab1 c6 18.Rfc1 Rac8 19.b4 Nb7 20.b5 Na5 21.a4 Rfd8 22.h3 h6
23.Qc2 Qd7 24.Qe2 cxb5 25.axb5 Rxc1+ 26.Rxc1 Rc8 27.Rxc8+ Qxc8 28.f5 exf5
29.Bf4 Qd7 30.Qd3 Qd5 31.Bb8 Qb7 32.Bf4 Qe4 33.Qxe4 fxe4 34.Bb8 f5 35.Bxa7 Nc4
36.d5 Kf7 37.g4 fxg4 38.hxg4 Ke7 39.Bb8 Kd7 40.Kf1 Nd6 41.Ke2 Nxb5 42.Be5 g6
43.Ke3 Nd6 44.Bd4 h5 45.Kf4 h4 46.Be3 Nc4 47.Bc1 e3 48.fxe3 Ne5 {#R} 0-1

[Event "Memorial M.Botvinnik (blitz)"]
[Site "masterchessopen.com St. Petersburg (Russia)"]
[Date "2012.08.24"]
[Round "3"]
[White "Predke Alexandr (RUS)"]
[Black "Maletin Pavel (RUS)"]
[Result "0-1"]
[WhiteElo "2464"]
[BlackElo "2596"]

1.d4 Nf6 2.c4 e6 3.Nc3 Bb4 4.e3 b6 5.Ne2 Ba6 6.a3 Bxc3+ 7.Nxc3 d5 8.Qb3 O-O
9.Bd2 c5 10.dxc5 bxc5 11.O-O-O Nc6 12.f3 Na5 13.Qa4 Bxc4 14.Bxc4 Nxc4 15.e4
Qb6 16.Qb5 Qxb5 17.Nxb5 dxe4 18.Bc3 exf3 19.Bxf6 fxg2 20.Rhg1 gxf6 21.Rxg2+
Kh8 22.Nc3 Ne3 {#R} 0-1

[Event "Ch Europe (juniors) (under 14) (g)"]
[Site "masterchessopen.com Prague (Czech Republic)"]
[Date "2012.08.25"]
[Round "9"]
[White "Bulmaga Elena (MDA)"]
[Black "Edilsultanova Zalina"]
[Result "0-1"]
[WhiteElo "1809"]
[BlackElo "1719"]

1.d4 Nf6 2.c4 e6 3.Nc3 Bb4 4.e3 b6 5.Ne2 Ba6 6.a3 Be7 7.Ng3 d5 8.Qa4+ Qd7
9.Qxd7+ Kxd7 10.cxd5 Nxd5 11.Bxa6 Nxa6 12.e4 Nxc3 13.bxc3 c5 14.O-O cxd4
15.cxd4 Rac8 16.Be3 Rc4 17.Rfd1 Rhc8 18.d5 Bc5 19.Bxc5 Nxc5 20.dxe6+ Kxe6
21.f3 Nb3 22.Rab1 Rc1 23.Rdxc1 Rxc1+ 24.Rxc1 Nxc1 25.Nf5 g6 26.Nd4+ Kd7 27.Kf2
Nd3+ 28.Ke3 Ne5 29.Kf4 Nc4 30.a4 Nb2 31.Ke5 Nxa4 32.Kf6 Ke8 33.Nb5 a6 34.Nd6+
Kf8 35.Nxf7 Nc3 36.Nd6 a5 37.e5 a4 {#R} 0-1

[Event "Ch Germany (juniors) (team)"]
[Site "masterchessopen.com Hannover (Germany)"]
[Date "2012.10.03"]
[Round "7"]
[White "Krassowizkij Jaroslaw (GER)"]
[Black "Braeuer Franz (GER)"]
[Result "1-0"]
[WhiteElo "2402"]
[BlackElo "2234"]

1.d4 Nf6 2.c4 e6 3.Nc3 Bb4 4.e3 b6 5.Ne2 Ba6 6.a3 Bxc3+ 7.Nxc3 d5 8.Qf3 O-O
9.g4 c6 10.b3 Bb7 11.g5 Nfd7 12.Qg3 dxc4 13.bxc4 e5 14.Bg2 Ba6 15.O-O Bxc4
16.Rd1 Na6 17.dxe5 Qc7 18.Rd6 Nac5 19.Bxc6 Rad8 20.Ne4 Nxe5 21.Qxe5 Nxe4
22.Bb2 f6 23.Bd5+ Kh8 24.gxf6 gxf6 25.Rxf6 Qg7+ 26.Rg6 {#r} 1-0